All Saiko Songs - Statistics

General Stats
  • This quiz has been taken 116 times
  • The average score is 19 of 46
Answer Stats
Artist Name % Correct
Saiko, Came Beats Polaris
87%
Aissa, Saiko, JC Reyes, Nickzzy, El Bobe, Juseph, GIO Las Bratz (Remix)
75%
Saiko Ódiame
75%
Saiko, Quevedo, La mano de oro JORDAN 1
73%
Saiko, JC Reyes Cartier
69%
Saiko,ULI Quédate
66%
Raul Clyde, Saiko Tuenti - Remix
66%
Saiko, BlueFire Crystal
64%
Saiko Supernova
64%
Saiko COSAS QUE NO TE DIJE
63%
Soge Culebra, Saiko UNA ÚLTIMA VEZ
63%
Saiko Humedad
60%
Saiko, Lola Indigo, Alejo Humedad - Remix
60%
Saiko, BlueFire San Walter
58%
Kabasaki,Juseph, Saiko, Quevedo, Love Yi, Jader Mantilla,Yago Roche,Fabbio, La Pantera,ELIZALDE Turbulencias
58%
Saiko, The Prodigiez Sikora
51%
Alejo, Saiko DE X VIDA
48%
Saiko, Came Beats BB ;(
46%
Saiko Confía
46%
Saiko,Ninow y Candy Fantasmita
46%
Danny Romero, Saiko, Soge Culebra, Juspeh, Lucho RK Cosas Locas 2.0
42%
Saiko, David Marley Colombiana
36%
David Marley, Antony Z,Saiko, Vera GRV, Delvalle, Toni Anzis COMO TE LLAMABAS?
36%
JC Reyes, Saiko, Pedro Calderon Sexologia
36%
Saiko, Came Beats Atea
34%
Abhir Hathi, Saiko Keonda
34%
Saiko Viernes 13
30%
David Marley, Saiko 80s
28%
Jader Mantilla,Bdp Music, Saiko MultiTU
27%
Saiko Te Quiero Fuera
27%
Saiko, David Marley Tropically (feat. David Marley)
27%
JC Reyes, Saiko Video Porno
27%
Zakyo, Saiko, David Marley MADRUGADA
25%
Vgomez, Saiko TIEMPO
25%
Kabasaki, Saiko, Marko Italia 2+1
24%
ELIZALDE, Saiko,Dímelo Milo EL PALO
24%
Yago Roche, Saiko,Fabbio Lunático
22%
Cocco Lexa, Israel B, Saiko TA TA TA
22%
David Marley, Saiko Todo Va Bien
22%
Vgomez, Saiko, ThePoing Candado
21%
Vgomez, Amalfitan, Saiko Dèjá Vu
19%
Felino Brown, Saiko, SokeThugPro Mala Fama
19%
Jay Vázquez, David Marley, Saiko, Young Vene Pa Ke lo Baje
19%
Saiko, ELIZALDE Vibra
18%
Pepe : Vizio,Saiko, David Marley Guaraná
16%
Jvnquera, Saiko PLAKITO
16%
No matching quizzes found
Score Distribution
Percent of People with Each Score
Percentile by Number Answered
Your Score History
You have not taken this quiz